लोक अदालत (Record no. 1039632)

MARC details
000 -LEADER
fixed length control field 00526nam a2200181Ia 4500
008 - FIXED-LENGTH DATA ELEMENTS--GENERAL INFORMATION
fixed length control field 151018s9999 xx 000 0 und d
082 ## - DEWEY DECIMAL CLASSIFICATION NUMBER
Item number RBASDV40352
Classification number 350
100 ## - MAIN ENTRY--PERSONAL NAME
Personal name अर्चना सिंह
245 ## - TITLE STATEMENT
Title लोक अदालत
250 ## - EDITION STATEMENT
Remainder of edition statement 1
260 ## - PUBLICATION, DISTRIBUTION, ETC. (IMPRINT)
Name of publisher, distributor, etc मधुमिलीका
Date of publication, distribution, etc 2005
300 ## - PHYSICAL DESCRIPTION
Extent 24
600 ## - SUBJECT ADDED ENTRY--PERSONAL NAME
Personal name अर्चना सिंह
630 ## - SUBJECT ADDED ENTRY--UNIFORM TITLE
Uniform title लोक अदालत
700 ## - ADDED ENTRY--PERSONAL NAME
Personal name अर्चना सिंह
730 ## - ADDED ENTRY--UNIFORM TITLE
Uniform title लोक अदालत
942 ## - ADDED ENTRY ELEMENTS (KOHA)
Koha item type Book
Holdings
Withdrawn status Lost status Damaged status Not for loan Home library Current library Date acquired Cost, normal purchase price Total Checkouts Full call number Barcode Date last seen Cost, replacement price Price effective from Koha item type
        R.B. Anant Shivaji Desai Vachanalaya and Granthalaya, Kudal R.B. Anant Shivaji Desai Vachanalaya and Granthalaya, Kudal 05/14/2009 24.00   RBASDV40352 RBASDV40352 10/18/2015 24.00 10/18/2015 Book